000 00552nam a2200181Ia 4500
008 151202s9999||||xx |||||||||||||| ||und||
082 _bPNVM-76448
100 _aगोडबोले अरुण
245 _aसिनेमाचे दिवस
260 _bकौशिक
260 _c2007
300 _a286
600 _aगोडबोले अरुण
630 _aसिनेमाचे दिवस
700 _aगोडबोले अरुण
730 _aसिनेमाचे दिवस
942 _cBOOK
999 _c1343107
_d1343104